000 00895nas0a22002771i 4500
001 RU\NLR\DRGNLR\2512
005 20240725031110.0
035 _a(NLR Aleph) 010311084
090 _a10637373
_c10637373
100 _a20080514b1910 u y0rusy50 ca
101 0 _arus
102 _aRU
110 _acya||||||||
200 1 _aЛисток объявлений
_fРед.-изд. А.М.Радьков
210 _aХарьков
_d1910, 11 сент - [?]
540 1 _aЛисток объявлений
702 1 _aРадьков
_bАл-др Мих.
_4340
801 0 _aRU
_bNLR
_c20080514
_gPSBO
_2gzdor_isis
801 2 _aRU
_bNLR
_c20080514
_gPSBO
_2rusmarc
852 _aNLR
_j1-Сб/1-32
942 _cNEWSPAPER
980 _aDRG